| 000 | 00575ntaaa2200205 4500 | ||
|---|---|---|---|
| 003 | 01 | ||
| 005 | 20251027202306.0 | ||
| 008 | 0714s1973 ag 01 | ||
| 040 |
_aAR-BaBN _bspa _cAR-BaBN _eaacr _dRIC |
||
| 082 | _a277.2000 M17 | ||
| 100 |
_aMcGavran, Donald _921446 |
||
| 245 | _aChurch growth in Mexico | ||
| 250 | _a1 ed. | ||
| 260 |
_aGrand Rapids : _bWilliam B. Eerdmans Publishing Company, _cc1963 |
||
| 300 | _a136 p | ||
| 500 | _aEl crecimiento de la iglesia en México | ||
| 650 |
_aMéxico _921447 |
||
| 650 |
_aprotestantismo-América Latina _91416 |
||
| 942 | _cBK | ||
| 999 |
_c17709 _d17709 |
||